|
|
|
|
| LEADER |
00000nam a2200000 i 4500 |
| 001 |
1/48665 |
| 008 |
950728s1992 eng d |
| 020 |
|
|
|a 0-8014-9954-2
|
| 035 |
|
|
|1 ΕΛΗ
|a 1995
|c ΤΣΙΒΑΚΟΥ
|l 10043399
|
| 040 |
|
|
|a GR-MY-UA
|b gre
|e aacr
|
| 041 |
0 |
|
|a eng
|
| 082 |
0 |
|
|a 155.2
|
| 100 |
1 |
|
|a Dean, Carolyn J.
|q (Carolyn Janice)
|d 1960-
|
| 245 |
1 |
4 |
|a The Self and the Pleasures :
|b Bataille, Lacan, and the History of the Decentered Subjiect /
|c Carolyn J. Dean
|
| 260 |
|
|
|a Ithaca :
|b Cornell,
|c 1992
|
| 300 |
|
|
|a 270 p.;
|b ill.;
|c 23 cm.
|
| 500 |
|
|
|a Includes bibliographical references and index
|
| 600 |
1 |
0 |
|a Lacan Jacques
|d 1901-1981.
|
| 600 |
1 |
0 |
|a Bataille, Georges,
|d 1897-1962.
|
| 650 |
0 |
0 |
|a Self
|x History
|y 20th century.
|
| 650 |
0 |
0 |
|a Self (Philosophy)
|x History
|y 20th century.
|
| 650 |
0 |
0 |
|a Masochism
|x History.
|
| 650 |
0 |
0 |
|a Criminal psychology
|x History.
|
| 651 |
|
0 |
|a France
|x Intellectual life
|y 20th century.
|
| 852 |
|
|
|a INST
|b SAMOS
|e 19950728
|h 155.2 DEA
|p 005300009868
|q 005300009868
|t BK
|y 0
|
| 909 |
|
|
|a Σ
|b 044786
|